Asilo diplomático / (Record no. 24579)
[ view plain ]
| 000 -LEADER | |
|---|---|
| campo de control de longitud fija | 00776nam a2200229 i 4500 |
| 001 - NÚMERO DE CONTROL | |
| campo de control | 24579 |
| 003 - IDENTIFICADOR DE NÚMERO DE CONTROL | |
| campo de control | ES-MaACL |
| 005 - FECHA Y HORA DE LA ÚLTIMA TRANSACCIÓN | |
| campo de control | 20230906153056.0 |
| 007 - CAMPO FIJO DE DESCRIPCIÓN FÍSICA--INFORMACIÓN GENERAL | |
| campo de control de longitud fija | t| |
| 008 - DATOS DE LONGITUD FIJA--INFORMACIÓN GENERAL | |
| campo de control de longitud fija | 200130s1966 ag ||||1| spa d |
| 100 1# - ENTRADA PRINCIPAL--NOMBRE DE PERSONA | |
| Nombre de persona | Figueiredo, Guilherme. |
| 9 (RLIN) | 169460 |
| 245 10 - MENCIÓN DEL TÍTULO | |
| Título | Asilo diplomático / |
| Mención de responsabilidad, etc. | Guilherme Figueiredo ; [traductor César Tiempo]. La necesidad de ser polígamo / Silveira Sampaio ; [traductor Guillermo Whitelow]. |
| 260 ## - PUBLICACIÓN, DISTRIBUCIÓN, ETC. | |
| Lugar de publicación, distribución, etc. | Buenos Aires : |
| Nombre del editor, distribuidor, etc. | Losange, |
| Fecha de publicación, distribución, etc. | 1966. |
| 300 ## - DESCRIPCIÓN FÍSICA | |
| Extensión | 116 p. ; |
| Dimensiones | 20 cm. |
| 490 1# - MENCIÓN DE SERIE | |
| Mención de serie | Teatro brasileño ; |
| Designación de volumen o secuencia | 3 |
| 700 1# - ENTRADA AGREGADA--NOMBRE PERSONAL | |
| Nombre de persona | Sampaio, Silveira. |
| 9 (RLIN) | 169461 |
| 700 1# - ENTRADA AGREGADA--NOMBRE PERSONAL | |
| Nombre de persona | Tiempo, César. |
| 9 (RLIN) | 169462 |
| 700 0# - ENTRADA AGREGADA--NOMBRE PERSONAL | |
| Nombre de persona | Whitelow, Guillermo. |
| 9 (RLIN) | 116701 |
| 830 0# - PUNTO DE ACCESO ADICIONAL DE SERIE-TÍTULO UNIFORME | |
| Título uniforme | Teatro brasileño ; |
| Designación de volumen o secuencia | 3 |
| 9 (RLIN) | 180921 |
| 852 ## - LOCALIZACIÓN | |
| Ubicación | ES-MaACL |
| Número de control de estantería | P-1224-3 |
| Estatus retirado | Estado de pérdida | Estado de daño | No para préstamo | Biblioteca de origen | Biblioteca actual | Ubicación en estantería | Fecha de adquisición | Fuente de adquisición | Total de préstamos | Signatura topográfica completa | Código de barras | Visto por última vez | Precio de reemplazo | Tipo de ítem Koha |
|---|---|---|---|---|---|---|---|---|---|---|---|---|---|---|
| Biblioteca del Ateneo de Madrid | Biblioteca del Ateneo de Madrid | Depósito 2 | 19/04/2005 | P-1224-3 | 1201499 | 23/02/2023 | 23/02/2023 | Libro impreso |
